[Event "1st Archibald 2019"]
[Site "Sochi"]
[Date "2019.05.16"]
[Round "6.15"]
[White "Ufimtsev, Egor"]
[Black "Raja Harshit"]
[Result "1/2-1/2"]
[WhiteElo "2101"]
[BlackElo "2446"]
[Annotator "TA"]
[PlyCount "123"]
[EventDate "2019.05.12"]
[EventType "swiss"]
[EventCountry "RUS"]
[SourceTitle "playchess.com"]
[Source "ChessBase"]
[SourceQuality "1"]

{[%evp 10,123,8,3,14,-17,25,-21,-17,-20,-7,-12,0,0,0,0,0,0,0,0,0,0,0,0,0,-23,-27,-17,0,0,0,0,0,0,0,0,0,0,0,0,0,0,0,0,0,0,0,0,0,0,0,0,0,0,0,0,0,0,0,0,0,0,0,0,0,0,0,0,0,0,0,0,0,0,0,0,0,0,0,0,0,0,0,0,0,0,0,0,0,0,0,0,0,0,0,0,0,0,0,0,0,0,0,0,0,0,0,0,0,0,0,0,0,0,0,0]} 1. d4 Nf6 2. c4 e6 3. Nf3 b6 4. a3 Bb7 5. Nc3 d5 6. Bg5 Nbd7 {E12: Queen's Indian: Unusual White 4th moves, 4 a3, 4 Nc3 Bb7 5 a3 and 4 Nc3 Bb7} (6... Be7 7. Qa4+ c6 8. cxd5 Nxd5 9. Bxe7 Qxe7 10. Nxd5 exd5 11. e3 O-O 12. Rc1 c5 13. Be2 Nd7 14. O-O Rfd8 15. Rfd1 a5 {1-0 (34) Mamedyarov,S (2817)-Korobov,A (2698) St Petersburg 2018}) 7. Qa4 c6 $146 ({Predecessor:} 7... Be7 8. Bxf6 Bxf6 9. cxd5 exd5 10. g3 O-O 11. Bh3 Nb8 12. O-O Re8 13. Rfd1 Na6 14. Bd7 {0-1 (44) Kozul,Z (2597)-Almasi,Z (2707) Bastia 2013}) 8. e4 (8. Ne5 {looks sharper.} Qc7 9. Nxd7 Nxd7 10. cxd5 exd5 11. e3) 8... dxe4 9. Nxe4 Be7 10. Nxf6+ Bxf6 11. Bxf6 Qxf6 12. Be2 O-O 13. O-O e5 14. Nxe5 Nxe5 15. dxe5 Qxe5 16. Bf3 Qxb2 17. Bxc6 Bxc6 18. Qxc6 Qc3 {The position is equal.} 19. Rfc1 Rac8 20. Qa4 Qd4 21. Qxa7 Rxc4 {[#] aiming for ...Rfc8.} 22. Rd1 Qc5 23. Rab1 Rc2 24. Qxb6 Qxa3 25. Qb4 Qa2 26. Ra1 Qe6 27. Re1 Qf5 28. Qd4 h6 29. Rac1 Rfc8 30. Rxc2 Rxc2 $11 {[%mdl 4096] Endgame KQR-KQR} 31. h3 Kh7 32. Qe3 g6 33. Qd4 {[#] Black must now prevent Re8.} Rc6 34. Qg4 Qf6 35. Qg3 h5 36. Qe3 Re6 37. Qd2 Rd6 38. Qe3 Re6 39. Qd2 Rb6 (39... Ra6 {is more complex.} 40. Re4 Kg7 41. g3 Ra1+ 42. Kh2 Rb1) 40. Qe3 Rb2 41. Re2 Rb5 42. Re1 Kg7 43. Qe7 Qxe7 (43... Qd4 {is interesting.} 44. h4 Rf5 45. Re2 Rf6 46. g3 Qd1+) 44. Rxe7 {KR-KR} Rb1+ 45. Kh2 Rf1 46. Re2 h4 47. g3 hxg3+ 48. Kxg3 f5 49. Ra2 Rg1+ 50. Kh2 $1 {[%cal Rh2g1]} Rg5 51. f4 Rh5 52. Ra7+ Kf8 53. Ra8+ Ke7 54. Ra7+ Ke8 55. Ra8+ (55. Ra6 $5 {[%cal Ra6g6]}) 55... Kd7 56. Ra7+ Kc8 57. Rg7 Rh6 58. Kg3 Kd8 59. Ra7 Ke8 60. Ra8+ Kf7 61. Ra7+ Ke6 62. Ra6+ {Accuracy: White = 84%, Black = 73%.} 1/2-1/2

[Event "1st Archibald 2019"]
[Site "Sochi"]
[Date "2019.05.16"]
[Round "6.16"]
[White "Kovalchuk, Alexey"]
[Black "Maltsevskaya, Aleksandra"]
[Result "0-1"]
[WhiteElo "2410"]
[BlackElo "2299"]
[Annotator "TA"]
[PlyCount "52"]
[EventDate "2019.05.12"]
[EventType "swiss"]
[EventCountry "RUS"]
[SourceTitle "playchess.com"]
[Source "ChessBase"]
[SourceQuality "1"]

{[%evp 9,52,32,85,2,0,0,0,-3,-8,-11,-25,-41,-40,-43,-31,-41,-37,-48,-20,-67,-64,-83,-76,-125,-62,-168,-167,-258,-243,-245,-208,-201,-195,-208,-204,-215,-215,-206,-187,-637,-623,-1096,-1050,-1118,-1095]} 1. d4 Nf6 2. c4 c5 3. d5 b5 4. Qc2 d6 5. e4 g6 (5... b4 $14) (5... bxc4 6. Bxc4 g6 7. Nf3 Bg7 8. O-O O-O 9. Nc3 Nfd7 10. Rb1 Nb6 11. Be2 a5 12. Rd1 a4 13. a3 Ba6 14. Bf4 Bxe2 15. Qxe2 N8d7 {1-0 (34) Grischuk,A (2789)-Paravyan,D (2428) Moscow 2014}) 6. Nc3 {A57: Benko/Volga Gambit} (6. cxb5 $16 Nbd7 7. Nf3) 6... b4 $11 7. Nd1 Bg7 8. Nf3 {The position is equal.} O-O 9. Be2 e6 $146 ({Predecessor:} 9... a5 10. a4 Na6 11. Bd2 Rb8 12. e5 Ng4 13. b3 Nxe5 14. Nxe5 Bxe5 15. Ra2 Nc7 {0-1 (31) Korn,T-Richter,G Hemmingen 2000}) 10. Ne3 a5 11. a3 exd5 12. exd5 bxa3 13. Rxa3 Na6 14. Bd2 Nb4 15. Qb1 Ng4 16. O-O Re8 (16... Nxe3 $1 $17 17. fxe3 Re8) 17. h3 ({White should play} 17. Ne1 $15 Nxe3 18. fxe3) 17... Nxe3 $19 18. Rxe3 (18. fxe3 {might work better.} Bf5 19. Qc1) 18... Bf5 19. Qc1 Rxe3 20. Bxe3 a4 $1 {[%cal Ba5a4,Ba4a3,Ba3b2][%mdl 32]} 21. Bh6 {[#]} Qf6 $1 22. Bxg7 Kxg7 23. Rd1 {[#]} Rb8 $1 {Threatens to win with ...Na2.} 24. Rd2 $2 (24. Qa1) 24... Na2 {Black is clearly winning.} 25. Qa1 {[#]} a3 $1 {[%mdl 512]} 26. Nd4 (26. bxa3 Qxa1+) 26... axb2 {Accuracy: White = 29%, Black = 80%.} 0-1

[Event "1st Archibald 2019"]
[Site "Sochi"]
[Date "2019.05.16"]
[Round "6.17"]
[White "Pogosian, Manvel"]
[Black "Kazimov, Farhan"]
[Result "1-0"]
[WhiteElo "2388"]
[BlackElo "2146"]
[Annotator "TA"]
[PlyCount "77"]
[EventDate "2019.05.12"]
[EventType "swiss"]
[EventCountry "RUS"]
[SourceTitle "playchess.com"]
[Source "ChessBase"]
[SourceQuality "1"]

{[%evp 10,77,50,54,47,56,95,55,57,55,59,66,60,27,54,27,44,44,113,129,110,115,124,124,149,120,121,106,107,97,201,210,195,213,253,260,241,247,236,248,523,291,297,310,312,308,574,564,738,444,578,575,554,484,473,457,525,503,1116,1116,1077,1063,1163,960,906,755,2621,2292,1622,657]} 1. Nf3 g6 2. d4 Bg7 3. c4 c5 4. e4 Nc6 5. dxc5 Qa5+ 6. Bd2 Qxc5 {A40: Unusual replies to 1 d4} 7. Nc3 Nd4 (7... Nf6 8. Be2 Qb6 9. O-O d6 10. h3 O-O 11. b3 Qd8 12. Rc1 b6 13. Re1 Bb7 14. Bf1 Nd7 15. Bg5 h6 {1-0 (35) Matlakov,M (2692)-Shyam,N (2429) Sharjah 2019}) 8. Bd3 Nxf3+ $146 {White is slightly better.} ({Predecessor:} 8... d6 9. Nxd4 Bxd4 10. O-O Nf6 11. h3 Nd7 12. Qb3 O-O 13. Nb5 Ne5 14. Be2 {½-½ (60) Hammar,B (2164)-Reuben,S (2033) Radebeul 2016}) 9. Qxf3 d6 10. O-O Nf6 11. a3 Bg4 12. Qg3 h5 13. b4 Qc8 (13... Qd4 $14) 14. h3 $36 {[%mdl 2048] White is in control.} h4 {[#]} 15. Qe3 $1 Be6 16. Rac1 Kf8 17. Nd5 Qd7 18. Nxf6 Bxf6 19. f4 {[#] Black must now prevent f5.} Qa4 (19... Qd8 $16) 20. e5 $18 Bg7 21. exd6 Rd8 22. dxe7+ (22. f5 $6 Rxd6 23. c5 (23. fxe6 Bd4 $11) (23. fxg6 Qxa3 24. Be2 Bd4 $15 {[%mdl 64] Pin}) 23... Bd4 $16) 22... Kxe7 {And now ...Bd4 would win.} 23. Bc3 Bxc3 24. Rxc3 Rh5 $2 (24... Qd7 {was necessary.} 25. Be4 (25. Qxa7 Kf6 $16) (25. f5 gxf5 26. Bxf5 Qd4 $16) 25... Qd4 26. Bxb7 Qxe3+ 27. Rxe3 Kf6) 25. Be2 Rf5 26. Bg4 Rf6 27. Qc5+ Ke8 $2 (27... Rd6 28. Re1 Qd7) 28. Qg5 {White is clearly winning.} Ke7 29. Qxh4 Rd2 30. Bxe6 fxe6 31. Qh7+ Rf7 32. Qxg6 Qd7 {Threatens to win with ...Qd4+.} 33. Re3 Rf6 (33... Kd8 $142 34. Rfe1 Rg7 35. Qf6+ (35. Qxe6 $2 Rgxg2+ 36. Kh1 Rh2+ 37. Kg1 Rdg2+ 38. Kf1 Rf2+ {[%mdl 64] Double Attack} 39. Kg1 Rfg2+ 40. Kf1 Rf2+ {[%mdl 64] Double Attack} 41. Kg1 Qg7+ 42. Qg4 Rhg2+ {[%mdl 64] Double Attack} 43. Kh1 Rxg4 $19) 35... Kc8 36. Qf8+ Kc7) 34. Qg7+ Rf7 35. Qg5+ Kf8 36. Qh6+ Ke7 37. f5 e5 38. Rxe5+ Kd8 39. Qxd2 {Accuracy: White = 66%, Black = 38%.} 1-0

[Event "1st Archibald 2019"]
[Site "Sochi"]
[Date "2019.05.16"]
[Round "6.18"]
[White "Potapova, Margarita"]
[Black "Gharagyozyan, Artur"]
[Result "0-1"]
[WhiteElo "2253"]
[BlackElo "2321"]
[Annotator "TA"]
[PlyCount "126"]
[EventDate "2019.05.12"]
[EventType "swiss"]
[EventCountry "RUS"]
[SourceTitle "playchess.com"]
[Source "ChessBase"]
[SourceQuality "1"]

{[%evp 14,126,95,86,93,95,100,95,95,96,100,104,112,65,114,118,108,114,70,0,0,-10,-9,-6,0,-14,-18,-44,-12,-39,31,-49,0,-36,29,43,79,73,138,134,122,133,132,122,126,42,108,38,42,36,30,-64,-83,-62,0,0,0,0,0,0,0,0,0,-68,-72,-363,-348,-312,-280,-348,-333,-760,-764,-756,-726,-737,-726,-777,-749,-837,-793,-805,-807,-756,-763,-954,-917,-899,-881,-881,-865,-958,-912,-1188,-1185,-1192,-1216,-1423,-1401,-2452,-1823,-2421,-2373,-29982,-29979,-29980,-6299,-29985,-29986,-29986,-29987,-29987,-29987,-29988,-29988]} 1. d4 Nf6 2. c4 c5 3. d5 e5 4. Nc3 d6 5. e4 Be7 6. Bd3 O-O 7. Nge2 Ne8 8. Ng3 g6 {A56: Czech Benoni} (8... Bg5 9. h4 Bxc1 10. Qxc1 Na6 11. Nf5 Bxf5 12. exf5 Nf6 13. Ne4 b5 14. b3 bxc4 15. bxc4 Rb8 16. Nxf6+ Qxf6 {½-½ (44) Harikrishna,P (2612)-Wojtaszek,R (2536) Cochin 2004}) 9. Bh6 Ng7 10. Qd2 Nd7 {White is better.} 11. O-O-O $146 ({Predecessor:} 11. h4 Nf6 12. f3 a6 13. O-O-O Bd7 14. h5 b5 15. Rh2 bxc4 16. Bb1 {0-1 (35) Morovic Fernandez,I (2450)-Sahovic,D (2460) Pancevo 1985}) 11... Nf6 12. f3 Kh8 13. Be3 Ng8 14. f4 f5 15. exf5 gxf5 16. Rdf1 (16. fxe5 $14 dxe5 17. Bc2) 16... e4 $1 $11 {[%cal Re4d3]} 17. Bc2 a6 18. Nge2 b5 19. h3 bxc4 20. g4 Rb8 21. g5 Bd7 (21... Rf7 $15) 22. Ng3 (22. h4 $1 $14) 22... Qa5 23. Bb1 Rb4 ({Black should play} 23... Nf6 $15) 24. a3 Rb3 25. Ba2 Rb7 {[#]} (25... Bd8 $142) 26. Ncxe4 $1 $16 Qc7 27. Nc3 Rfb8 28. Nd1 Ba4 29. Rh2 (29. Bxc4 $16 Bf8 30. Rf2 (30. Bxa6 Rb6 $14)) 29... Bxd1 (29... Bb3 $14 30. Bxb3 Rxb3) 30. Rxd1 ({White should try} 30. Qxd1 $16 c3 31. bxc3) 30... Rxb2 $14 31. Qxb2 Rxb2 32. Kxb2 (32. Rxb2 $11 Qa5 33. Ne2) 32... Qb6+ $15 33. Kc2 Qa5 (33... Qb5 $15 34. Rc1 Bd8) 34. Bxc4 $11 {Bd2 is the strong threat.} Qxa3 35. Rd3 $1 {[%cal Rd3a3]} Qa4+ 36. Bb3 Qb5 {Strongly threatening ...c4.} 37. Rc3 Bd8 38. Rh1 (38. Re2 $11) 38... Ba5 $36 {[%mdl 2048] Keeping White busy.} 39. Bd2 $2 {[%mdl 8192]} (39. Bc4 $17 Qa4+ 40. Bb3) 39... Bxc3 $19 40. Bxc3 c4 41. Ba2 {Black must now prevent Nxf5.} Qxd5 42. Re1 $2 (42. Rd1 Qg2+ {[%mdl 64] Double Attack} 43. Rd2 Qxg3 44. Rxd6 Qg2+ 45. Rd2 Qe4+ 46. Kb2) 42... Qd3+ {[%mdl 64] Double Attack} 43. Kb2 Qxg3 {[%mdl 64] Double Attack} 44. Bxc4 Qxf4 45. Bf7 Qf2+ 46. Kb3 Qb6+ 47. Kc2 Qb7 48. Bb3 Qg2+ {[%mdl 64] Double Attack} 49. Kc1 Qxg5+ 50. Kb2 Qg2+ 51. Ka3 Qc6 52. Bd4 d5 53. Re5 Nf6 54. h4 h5 55. Kb2 Kh7 56. Bc2 Qb7+ 57. Kc1 Ne4 58. Kd1 Kg6 59. Be3 Qb2 (59... Qc7 $142 60. Rxe4 fxe4 61. Kd2 Nf5 62. Bg1 Nxh4 63. Kc1 {[#]} Qc3 $1 {[%mdl 512]} 64. Kb1 Qe1+ 65. Kb2 Qxg1 66. Bb3 Qd4+ 67. Kb1 e3 68. Bc2+ Kg5 69. Bd1 Qxd1+ 70. Ka2 e2 71. Ka3 e1=Q 72. Kb2 Qb4+ 73. Ka2 Qbb3#) 60. Bf4 Qd4+ {Black mates.} 61. Kc1 Qa1+ 62. Bb1 Qa3+ 63. Kd1 Qf3+ {Accuracy: White = 34%, Black = 48%.} 0-1

[Event "1st Archibald 2019"]
[Site "Sochi"]
[Date "2019.05.16"]
[Round "6.19"]
[White "Dashko, Andrey"]
[Black "Najdin, Danil"]
[Result "1-0"]
[WhiteElo "2211"]
[BlackElo "2314"]
[Annotator "NA RC"]
[PlyCount "71"]
[EventDate "2019.05.12"]
[EventType "swiss"]
[EventCountry "RUS"]
[SourceTitle "playchess.com"]
[Source "ChessBase"]
[SourceQuality "1"]
[TimeControl "5400+30"]

1. e4 {[%emt 0:00:00]} e6 {[%emt 0:00:39]} 2. Qe2 {[%emt 0:02:49]} c5 {[%emt 0:01:18]} 3. Nf3 {[%emt 0:01:22]} Nc6 {[%emt 0:00:23]} 4. g3 {[%emt 0:03:26]} Be7 {[%emt 0:02:20]} 5. Bg2 {[%emt 0:02:21]} d5 {[%emt 0:00:27]} 6. d3 {[%emt 0:00:07]} Nf6 {[%emt 0:00:22]} 7. O-O {[%emt 0:02:05]} O-O {[%emt 0:01:30]} 8. e5 {[%emt 0:04:02]} Nd7 {[%emt 0:00:19]} 9. c4 {[%emt 0:00:13]} d4 {[%emt 0:04:33]} 10. h4 {[%emt 0:01:04]} a6 {[%emt 0:02:18] C00: French: Unusual White 2nd moves} (10... b6 11. Ng5 Bb7 12. Bf4 Qc7 13. Nd2 Bxg5 14. hxg5 Ne7 15. Ne4 Ng6 16. Nd6 Bxg2 17. Kxg2 f6 18. gxf6 gxf6 {½-½ (68) Jones,G (2650)-Pantsulaia,L (2612) Almaty 2016}) 11. Bf4 {[%emt 0:00:19]} b5 {[%emt 0:04:29]} 12. Nbd2 {[%emt 0:00:48]} Rb8 {[%emt 0:01:12]} 13. Rfc1 {[%emt 0:10:43]} Nb6 $146 {[%emt 0:03:25]} (13... Bb7 $11 {remains equal.}) ({Predecessor:} 13... b4 14. Ne4 Bb7 15. h5 h6 16. g4 a5 17. g5 hxg5 18. Nexg5 Ncxe5 19. Bxe5 Bxg5 20. Bxb8 Nxb8 21. Nxg5 Qxg5 {½-½ (59) Onokpite,K (2102)-Edunwale,H (2205) Lagos 2015}) 14. Bg5 {[%emt 0:07:54]} f6 {[%emt 0:21:45]} 15. exf6 {[%emt 0:00:23]} gxf6 {[%emt 0:00:17]} 16. Bh6 {[%emt 0:00:05]} Rf7 {[%emt 0:00:32]} 17. Ng5 {[%emt 0:06:28]} (17. cxb5 $16 axb5 18. Nb3) 17... fxg5 {[%emt 0:01:49]} 18. Bxc6 {[%emt 0:00:06]} bxc4 {[%emt 0:02:21]} 19. hxg5 {[%emt 0:08:51]} cxd3 {[%emt 0:05:51]} 20. Qh5 {[%emt 0:00:13]} Bb7 {[%emt 0:27:35]} (20... Rf5 $16) 21. g6 {[%emt 0:05:04]} Rf5 {[%emt 0:00:26] [#]} (21... Rf6 $142 22. gxh7+ Kh8 23. Bxb7 Rxb7) 22. Bg5 $18 {[%emt 0:00:19] Back Rank, Promotion} hxg6 {[%emt 0:02:39]} 23. Qxg6+ {[%emt 0:00:18]} Kh8 {[%emt 0:00:02]} 24. Kg2 {[%emt 0:06:08]} Bxc6+ {[%emt 0:04:32]} 25. f3 {[%emt 0:00:07]} Bxg5 {[%emt 0:00:48]} 26. Rh1+ {[%emt 0:01:15]} Bh4 {[%emt 0:00:02]} 27. Qh6+ {[%emt 0:06:16]} Kg8 {[%emt 0:00:05]} 28. Rxh4 {[%emt 0:00:33]} Kf7 {[%emt 0:02:10]} 29. Qh7+ {[%emt 0:09:49]} Ke8 {[%emt 0:00:47]} 30. Re1 {[%emt 0:00:12]} Qg5 {[%emt 0:07:54]} 31. Rxe6+ {[%emt 0:05:52]} Kd8 {[%emt 0:00:01]} 32. Rxc6 {[%emt 0:00:37]} Nd7 {[%emt 0:02:39]} 33. Ne4 {[%emt 0:01:35]} Rxb2+ {[%emt 0:00:29]} 34. Kh3 {[%emt 0:00:02]} d2 {[%emt 0:00:31]} 35. Nxg5 {[%emt 0:00:23]} Rxg5 {[%emt 0:00:21]} 36. Re4 {[%emt 0:00:17]} 1-0

[Event "1st Archibald 2019"]
[Site "Sochi"]
[Date "2019.05.16"]
[Round "6.20"]
[White "Novikov, Evgenij"]
[Black "Alexeev, Alexey"]
[Result "1-0"]
[WhiteElo "2148"]
[BlackElo "2292"]
[Annotator "TA"]
[PlyCount "93"]
[EventDate "2019.05.12"]
[EventType "swiss"]
[EventCountry "RUS"]
[SourceTitle "playchess.com"]
[Source "ChessBase"]
[SourceQuality "1"]

{[%evp 9,93,-2,4,1,0,-3,2,-18,-20,-27,10,-12,-4,-17,-9,-25,-25,-23,-17,-30,-14,-26,-3,-22,7,3,0,0,29,26,15,23,29,31,37,0,0,-11,-15,-25,-14,-20,0,0,0,0,0,0,0,0,0,-7,-7,-8,0,0,8,8,16,4,14,8,8,8,8,0,0,0,8,8,8,8,8,8,8,8,188,209,393,338,29982,29983,29983,29984,29983,29983]} 1. d4 Nf6 2. Nc3 d5 3. Bg5 Bf5 4. Bxf6 exf6 5. e3 Bb4 6. Nge2 {D01: Veresov Opening} c6 7. a3 Ba5 (7... Bd6 8. Ng3 Bg6 9. Bd3 O-O 10. Bxg6 fxg6 11. Qd3 f5 12. O-O Nd7 13. Nce2 h5 {1-0 (30) De Dovitiis,A (2353)-Trois,F (2152) Montevideo 2019}) 8. Qd2 {The position is equal.} Nd7 9. Ng3 Bg6 (9... Be6 {is more complex.} 10. Bd3 g6 11. e4 dxe4 12. Ngxe4 O-O) 10. Bd3 $146 (10. h4 {keeps more tension.} h5 11. O-O-O Rc8 12. Nge2 f5 13. Nf4) ({Predecessor:} 10. h4 Bc7 11. f4 Qe7 12. O-O-O h6 13. h5 Bh7 {1-0 (28) Orenda,O (2167)-Tica,S (1782) Rijeka 2011}) 10... Bxd3 11. Qxd3 g6 12. O-O f5 13. Nb1 Nf6 14. c4 dxc4 15. Qxc4 Qd5 (15... Qd6 {seems wilder.} 16. Qb3 Qe7 17. Nc3 O-O 18. Rfd1 Rfd8) 16. Rc1 (16. Qxd5 {feels hotter.} Nxd5 17. Ne2 O-O-O 18. g3 g5 19. b4) 16... O-O 17. Qxd5 Nxd5 18. Ne2 Rad8 19. g3 g5 20. Nbc3 Rfe8 21. Nxd5 Rxd5 22. Nc3 Bxc3 23. Rxc3 $11 {[%mdl 4096] Endgame KRR-KRR} f4 24. Kg2 fxe3 25. fxe3 f5 26. Kf3 g4+ 27. Kf2 Kf7 28. Rac1 Ke6 (28... Rd6 {is interesting.} 29. a4 Rh6 30. Kg1 Kf6 31. Rf1 Kg5) 29. Rc5 Red8 30. Rxd5 Rxd5 {KR-KR} 31. a4 a5 32. Ke2 Kd6 33. Kd3 b6 34. h3 c5 35. Rh1 h5 36. Rf1 b5 37. hxg4 fxg4 38. b3 {[%cal Bb2b3,Bb3c4][%mdl 32]} Rg5 39. Rf6+ Ke7 40. Rh6 Kf7 41. Ke4 Kg7 42. Rd6 {[#] Kf4 is the strong threat.} c4 $2 (42... bxa4 $11 43. bxa4 h4) 43. bxc4 $18 h4 $2 (43... bxc4 44. Rc6 h4) 44. Kf4 b4 $2 (44... hxg3 $18 45. Kxg3 (45. Kxg5 g2 $11) 45... bxc4) 45. Kxg5 {White mates.} hxg3 46. Rg6+ Kf7 47. Rf6+ {Accuracy: White = 58%, Black = 37%.} 1-0

[Event "1st Archibald 2019"]
[Site "Sochi"]
[Date "2019.05.16"]
[Round "6.21"]
[White "Yudkevich, Mikhail"]
[Black "Guseva, Marina"]
[Result "0-1"]
[WhiteElo "1971"]
[BlackElo "2402"]
[Annotator "TA"]
[PlyCount "54"]
[EventDate "2019.05.12"]
[EventType "swiss"]
[EventCountry "RUS"]
[SourceTitle "playchess.com"]
[Source "ChessBase"]
[SourceQuality "1"]

{[%evp 13,54,12,25,16,31,29,37,21,41,17,9,13,21,24,12,0,-2,-76,-59,-58,-72,-123,-78,-91,-29,-41,-40,-52,-38,-76,-100,-202,-202,-195,-183,-331,-337,-347,-350,-348,-329,-327,-321]} 1. d4 d5 2. c4 c6 3. Nf3 Nf6 4. Nc3 a6 5. c5 Nbd7 6. Bf4 Nh5 7. e3 g6 8. h4 {D15: Slav Defence: 4 Nc3 a6 and gambit lines after 4 Nc3 dxc4} Nxf4 9. exf4 Bg7 10. h5 {White is slightly better.} b6 11. h6 $146 ({Predecessor:} 11. cxb6 Qxb6 12. Qd2 Rb8 13. b3 c5 14. Nxd5 Qe6+ 15. Ne3 cxd4 16. Nxd4 {½-½ (69) Gelfand,B (2703)-Bacrot,E (2664) Cap d'Agde 2003}) 11... Bf6 12. cxb6 $1 Qxb6 13. Qd2 Rb8 14. Rb1 e6 15. Ne5 (15. Be2 $11 {keeps the balance.}) 15... Nxe5 16. fxe5 Be7 17. Rh3 ({White should try} 17. Be2) 17... Qa5 18. a3 c5 (18... O-O $17 19. Ne4 Qxd2+ 20. Nxd2 f6 21. exf6 Bxf6) 19. dxc5 $11 Qxc5 20. b4 Qa7 21. Bd3 O-O 22. f4 (22. Be2 $17) 22... f6 $19 23. exf6 Bxf6 24. Ne2 (24. Rf3 {is a better defense.}) 24... e5 {[%mdl 64] [#] Discovered Attack. Black has a decisive advantage.} 25. fxe5 Bxh3 ({Less strong is} 25... Bxe5 26. Rf3 $17) 26. exf6 Bxg2 27. Qg5 {[#]} Be4 $1 {Accuracy: White = 34%, Black = 63%.} 0-1